The economy of Pakistan / (Record no. 45370)
[ view plain ]
| 000 -LEADER | |
|---|---|
| fixed length control field | 00876nam a2200253 a 4500 |
| 001 - CONTROL NUMBER | |
| control field | 45370 |
| 003 - CONTROL NUMBER IDENTIFIER | |
| rucl marc code | BD-RjUL |
| 005 - DATE AND TIME OF LATEST TRANSACTION | |
| control field | 20211209054013.0 |
| 008 - FIXED-LENGTH DATA ELEMENTS--GENERAL INFORMATION | |
| fixed length control field | 761004s1959 a b 001 0 eng |
| 035 ## - SYSTEM CONTROL NUMBER | |
| System control number | (BD-RjUL)45488 |
| System control number | 2519489 |
| 040 ## - CATALOGING SOURCE | |
| Modifying agency | UPvMLC |
| Original cataloging agency | BD-RjUL |
| Language of cataloging | eng |
| Transcribing agency | BD-RjUL |
| 041 ## - LANGUAGE CODE | |
| Language code of text/sound track or separate title | eng |
| 082 ## - DEWEY DECIMAL CLASSIFICATION NUMBER | |
| Classification number | 330.95491 |
| Edition number | 23 |
| Author mark and year | ANE 1958 |
| 100 1# - MAIN ENTRY--PERSONAL NAME | |
| Personal name | Andrus, J. Russell |
| Fuller form of name | (James Russell), |
| Dates associated with a name | 1902- |
| 9 (RLIN) | 132426 |
| 245 14 - TITLE STATEMENT | |
| Title | The economy of Pakistan / |
| Statement of responsibility, etc. | [by] J. Russell Andrus, and Azizali F. Mohammed. |
| 260 ## - PUBLICATION, DISTRIBUTION, ETC. (IMPRINT) | |
| Place of publication, distribution, etc. | Stanford, CA : |
| -- | London : |
| Name of publisher, distributor, etc. | Stanford University Press, |
| -- | Oxford University press, |
| Date of publication, distribution, etc. | 1958. |
| 300 ## - PHYSICAL DESCRIPTION | |
| Pagination | xviii, 517 p. : |
| Illustrations | ill. ; |
| Size | 23 cm. |
| 504 ## - BIBLIOGRAPHY, ETC. NOTE | |
| Bibliography, etc | Bibliographical footnotes. |
| 651 #0 - SUBJECT ADDED ENTRY--GEOGRAPHIC NAME | |
| Geographic name | Pakistan |
| General subdivision | Economic conditions. |
| 9 (RLIN) | 138917 |
| 700 1# - ADDED ENTRY--PERSONAL NAME | |
| Personal name | Mohammed, Azizali F. |
| Fuller form of name | (Azizali Farrukh), |
| Relator term | author. |
| 942 ## - ADDED ENTRY ELEMENTS (KOHA) | |
| Source of classification or shelving scheme | Dewey Decimal Classification |
| Koha item type | Books |
| Lost status | Source of classification or shelving scheme | Damaged status | Not for loan | Collection code | Permanent Location | Current Location | Shelving location | Date acquired | Source of acquisition | Cost, normal purchase price | Total Checkouts | Full call number | Date last seen | Copy number | Koha item type |
|---|---|---|---|---|---|---|---|---|---|---|---|---|---|---|---|
| Dewey Decimal Classification | Non-fiction | Central Library, University of Rajshahi | Central Library, University of Rajshahi | 07/02/1959 | O. U. P | 36.90 | 330.95491 ANE 1958 | 25/07/2016 | C-2 | Books | |||||
| Dewey Decimal Classification | Non-fiction | Central Library, University of Rajshahi | Central Library, University of Rajshahi | 16/04/1959 | Karachi : S.M. Mirza | 23.00 | 330.9547 ANE 1958 | 26/07/2016 | C-3 | Books | |||||
| Dewey Decimal Classification | Non-fiction | Central Library, University of Rajshahi | Central Library, University of Rajshahi | 07/02/1959 | O. U. Press | 36.90 | 330.9547 ANE 1958 | 26/07/2016 | C-4 | Books | |||||
| Dewey Decimal Classification | Not For Loan | Non-fiction | Central Library, University of Rajshahi | Central Library, University of Rajshahi | Reading Room | 07/02/1959 | O.U.P | 36.90 | 330.95491 ANE 1958 | 22/12/2016 | C-1 | Books |